000 00748nam a2200217Ia 4500
005 20251020182540.0
008 200515s9999 xx 000 0 und d
082 _a728.20/P40
100 _aPEPPER, Simon
245 0 _aRenovación de la vivienda: objetivos y estrategias
260 _aBarcelona
260 _c1975
300 _a270
500 _a1 ejemplar
520 _aSe centra en el estudio de la política y los criterios que guían las más recientes experiencias en lo concerniente a la renovación del patrimonio de las viviendas obsoletas y degradadas en vista a su acondicionamiento y rentabilización
650 _aLIB
650 _aREHABILITACION DE VIVIENDAS
650 _aRENOVACION
650 _aVIVIENDAS
942 _cLIB
999 _c2356
_d2356